Sicherheit ist machbar!: das Heidelberger Audit-Konzept für urbane Sicherheit, am Beispiel der kommunalen Kriminalprävention in Pforzheim

Saved in:
Bibliographic Details
Main Authors: Hermann, Dieter (Author) , Wachter, Egon (Author) , Kerner, Hans-Jürgen (Author)
Format: Book/Monograph
Language:German
Published: Tübingen TOBIAS-lib Universitätsbibliothek Tübingen 2022
Series:Tübinger Schriften und Materialien zur Kriminologie Band 47
In: Tübinger Schriften und Materialien zur Kriminologie (Band 47)

Subjects:
Online Access: Get full text
Author Notes:Dieter Hermann, Egon Wachter, Hans-Jürgen Kerner

MARC

LEADER 00000cam a2200000 c 4500
001 1801079986
003 DE-627
005 20251217132517.0
007 tu
008 220506s2022 gw ||||| 00| ||ger c
020 |a 9783937368955  |9 978-3-937368-95-5 
035 |a (DE-627)1801079986 
035 |a (DE-599)KXP1801079986 
035 |a (OCoLC)1314254359 
040 |a DE-627  |b ger  |c DE-627  |e rda 
041 |a ger 
044 |c XA-DE-BW 
084 |a 19  |2 sdnb 
084 |a 2,1  |2 ssgn 
084 |a KRIM  |q DE-21  |2 fid 
084 |a 484  |2 bwlb 
100 1 |a Hermann, Dieter  |d 1951-  |e VerfasserIn  |0 (DE-588)135546311  |0 (DE-627)566683806  |0 (DE-576)300506554  |4 aut 
245 1 0 |a Sicherheit ist machbar!  |b das Heidelberger Audit-Konzept für urbane Sicherheit, am Beispiel der kommunalen Kriminalprävention in Pforzheim  |c Dieter Hermann, Egon Wachter, Hans-Jürgen Kerner 
264 1 |a Tübingen  |b TOBIAS-lib Universitätsbibliothek Tübingen  |c 2022 
300 |a x, 93 Seiten 
336 |a Text  |b txt  |2 rdacontent 
337 |a ohne Hilfsmittel zu benutzen  |b n  |2 rdamedia 
338 |a Band  |b nc  |2 rdacarrier 
490 1 |a Tübinger Schriften und Materialien zur Kriminologie  |v Band 47 
583 1 |a Archivierung/Langzeitarchivierung gewährleistet  |f PEBW  |x XA-DE-BW  |2 pdager  |5 DE-24 
650 0 7 |0 (DE-588)4033178-7  |0 (DE-627)10458503X  |0 (DE-576)209000511  |a Kriminalität  |2 gnd  |7 (dpeaa)DE-631 
650 0 7 |0 (DE-588)7501992-9  |0 (DE-627)508151341  |0 (DE-576)253225205  |a Kriminalprävention  |2 gnd  |7 (dpeaa)DE-631 
650 4 |a Kriminalität 
650 4 |a Kriminalitätsbelastung 
650 4 |a Kriminalitätsfurcht 
650 4 |a Kriminalitätsprävention 
650 4 |a Lebensqualität 
650 4 |a Kriminologie 
650 4 |a Pforzheim 
651 7 |0 (DE-588)4045637-7  |0 (DE-627)106200895  |0 (DE-576)209066202  |a Pforzheim  |2 gnd  |7 (dpeaa)DE-631 
700 1 |a Wachter, Egon  |d 1959-  |e VerfasserIn  |0 (DE-588)1034393944  |0 (DE-627)745443834  |0 (DE-576)380201429  |4 aut 
700 1 |a Kerner, Hans-Jürgen  |d 1943-  |e VerfasserIn  |0 (DE-588)108143007  |0 (DE-627)544028058  |0 (DE-576)161691080  |4 aut 
776 1 |z 9783937368948 
776 0 8 |i Erscheint auch als  |n Online-Ausgabe  |a Hermann, Dieter  |t Sicherheit ist machbar!  |d Tübingen : Universitätsbibliothek Tübingen, 2022  |w (DE-627)1941572928  |z 9783937368955 
830 0 |a Tübinger Schriften und Materialien zur Kriminologie  |v Band 47  |9 47  |w (DE-627)478374267  |w (DE-576)106484095  |w (DE-600)2176146-2  |x 1612-4650  |7 am 
935 |a mkri  |a BWLB 
951 |a BO 
992 |a 20240506 
993 |a Book 
998 |g 135546311  |a Hermann, Dieter  |m 135546311:Hermann, Dieter  |d 20000  |d 20200  |e 20000PH135546311  |e 20200PH135546311  |k 0/20000/  |k 1/20000/20200/  |p 1  |x j 
999 |a KXP-PPN1801079986  |e 4520805767 
BIB |a Y 
JSO |a {"origin":[{"dateIssuedKey":"2022","publisher":"TOBIAS-lib Universitätsbibliothek Tübingen","dateIssuedDisp":"2022","publisherPlace":"Tübingen"}],"language":["ger"],"title":[{"title":"Sicherheit ist machbar!","subtitle":"das Heidelberger Audit-Konzept für urbane Sicherheit, am Beispiel der kommunalen Kriminalprävention in Pforzheim","title_sort":"Sicherheit ist machbar!"}],"person":[{"family":"Hermann","role":"aut","given":"Dieter","display":"Hermann, Dieter"},{"given":"Egon","display":"Wachter, Egon","family":"Wachter","role":"aut"},{"display":"Kerner, Hans-Jürgen","given":"Hans-Jürgen","role":"aut","family":"Kerner"}],"name":{"displayForm":["Dieter Hermann, Egon Wachter, Hans-Jürgen Kerner"]},"id":{"eki":["1801079986"],"isbn":["9783937368955"]},"physDesc":[{"extent":"x, 93 Seiten"}],"type":{"bibl":"book"},"recId":"1801079986","relMultPart":[{"physDesc":[{"noteFormat":"30 cm"}],"type":{"bibl":"serial"},"recId":"478374267","pubHistory":["1.2003 -"],"corporate":[{"role":"isb","display":"Eberhard Karls Universität Tübingen"}],"origin":[{"publisherPlace":"Tübingen","publisher":"Inst. für Kriminologie","dateIssuedDisp":"2003-","dateIssuedKey":"2003"}],"title":[{"title":"Tübinger Schriften und Materialien zur Kriminologie","subtitle":"TÜKRIM","title_sort":"Tübinger Schriften und Materialien zur Kriminologie"}],"id":{"eki":["478374267"],"issn":["1612-4650"],"zdb":["2176146-2"]},"dispAlt":"Tübinger Schriften und Materialien zur Kriminologie","language":["ger"],"titleAlt":[{"title":"TÜKRIM"}],"name":{"displayForm":["Eberhard-Karls-Universität Tübingen, Institut für Kriminologie"]},"part":{"number_sort":["47"],"number":["Band 47"]},"disp":"Tübinger Schriften und Materialien zur Kriminologie"}]} 
SRT |a HERMANNDIESICHERHEIT2022